000 00374cam a22001217a 4500
008 180718b1981 xxu||||| |||| 00| 0 eng d
082 _aT19x548 G739
100 _aGoulet, Denis
245 _aSurvival with intergrity: servodaya at the cross roads
_cby Denis Goulet
260 _aColombo
_bMarga Institute
_c1981
300 _a105p.
650 _aEconomic development - Sri Lanka
999 _c345924
_d345924